000 00709cas a22002055 4500
001 L138359
008 070531d18681930xxkar p 0 a0eng u
035 _a(Sirsi) u138359
041 0 _aeng
110 2 _aInstitution of Surveyors
_9405
245 0 0 _aTransactions
260 _aLondon
_bInstitution of Surveyors
_bChartered Surveyors' Institution
_bRICS
_c1868-1930
362 0 _aLondon: 1 Session 1868/9-87 Session 1954/55
362 0 _aEdinburgh: 1 Session 1868/9-87 Session 1954/55
651 4 _aUnited Kingdom
690 _aABOUT RICS-RICS STRUCTURE AND GOVERNANCE
710 2 _aChartered Surveyors' Institution
_92274
710 2 _aRoyal Institution of Chartered Surveyors
_94900
942 _n0
_2ddc
999 _c118974
_d118974